000 00461cam a2200193 4500
001 D12211
008 090401t1929 xxu||||| |||| 00| 0 eng d
035 _a(Sirsi) u1982
041 _aeng
100 _aBowen, David
245 _aElements of the law relating to vendors and purchasers
250 _a2nd
260 _aLondon
_bEstates Gazette
_c1929
350 _a0
520 _aShelf 152
700 _aMustoe, N.E.
942 _n0
948 _c04/03/1997
999 _c85716
_d85716